00461nam a22001697a 450000500170000001000150001702000250003203500140005703700090007108200130008010000150009324500390010826000400014727000660018730000190025350000190027220250108160026.0 aENG-143248 a9789380505022c80.00 aEN-126780 bDBAD a616.9201 aSuresh, K. aPathogenic Microbes/cby K. Suresh aThanjavurbNathi Publicationsc2009 a1271A, Sulthanjiappa Lane, South Rampart, bThanjavure613001 a98p.c21cm(pb) aIncludes index